Charakteristika klimatických kúpeľov vo Vysokých Tatrách v priereze ich historického vývoja diplomová práca

Gespeichert in:
Bibliographische Detailangaben
1. Verfasser: Rabčanová, Veronika
Körperschaft: Obchodná fakulta EU. Katedra služieb a cestovného ruchu - zrušené
Weitere Verfasser: Eliašová, Darina
Format: Buch
Sprache:Slowakisch
Veröffentlicht: Bratislava 2012
Tags: Tag hinzufügen
Keine Tags, Fügen Sie das erste Tag hinzu!

MARC

LEADER 00000nbm a2200000 4500
001 0152566
005 20161109102045.7
041 0 |a slo 
044 |a SK 
245 1 0 |a Charakteristika klimatických kúpeľov vo Vysokých Tatrách v priereze ich historického vývoja  |b diplomová práca  |c Veronika Rabčanová ; školiteľ: Darina Eliašová 
264 1 |a Bratislava  |c 2012 
300 |a 73 s. 
100 1 |a Rabčanová, Veronika 
700 1 |a Eliašová, Darina 
710 2 |a Obchodná fakulta EU. Katedra služieb a cestovného ruchu - zrušené